Физика. Ч. 1 : Руководство к самостоятельной проектной работе студентов: учебное пособие

Detalhes bibliográficos
Autor principal: Поздеева Э. В. Эльвира Вадимовна
Autor Corporativo: Национальный исследовательский Томский политехнический университет (570)
Outros Autores: Победенная З. В. Зинаида Владимировна, Ларионов В. В. Виталий Васильевич
Resumo:В пособии приведен широкий перечень вопросов для контроля знаний. Даны методические указания для самостоятельного выполнения двух индивидуальных заданий (ИДЗ № 1 и ИДЗ № 2) (Физические основы механики. Молекулярная физика. Основы термодинамики). Задачи скомпонованы в отдельные варианты. Разобрано большое число примеров решения задач с полным объяснением. Представ­лен подробный список рекомендуемой литературы.Предназначено для студентов ИПР первого и второго курсов, изучающих фи­зику в течение трех семестров.
Idioma:russo
Publicado em: ТПУ, Изд-во ТПУ, 2014
Assuntos:
Formato: Livro
KOHA link:https://koha.lib.tpu.ru/cgi-bin/koha/opac-detail.pl?biblionumber=302157

MARC

LEADER 00000nam0a2200000 4500
001 302157
005 20250616110056.0
035 |a (RuTPU)RU\TPU\book\327354 
090 |a 302157 
100 |a 20150819d2014 m y0rusy50 ca 
101 0 |a rus 
102 |a RU 
105 |a a j 001zy 
200 0 |a Физика. Ч. 1 : Руководство к самостоятельной проектной работе студентов  |e учебное пособие  |f Э. В. Поздеева, З. В. Победенная, В. В. Ларионов  |g Национальный исследовательский Томский политехнический университет (ТПУ) 
210 |d 2014  |a ТПУ  |c Изд-во ТПУ 
215 |a 127 с.  |c ил. 
320 |a Библиогр.: с. 117-119. 
330 |a В пособии приведен широкий перечень вопросов для контроля знаний. Даны методические указания для самостоятельного выполнения двух индивидуальных заданий (ИДЗ № 1 и ИДЗ № 2) (Физические основы механики. Молекулярная физика. Основы термодинамики). Задачи скомпонованы в отдельные варианты. Разобрано большое число примеров решения задач с полным объяснением. Представ­лен подробный список рекомендуемой литературы.Предназначено для студентов ИПР первого и второго курсов, изучающих фи­зику в течение трех семестров. 
606 1 |a Физика  |2 stltpush  |3 (RuTPU)RU\TPU\subj\63709  |9 80688 
610 1 |a механика 
610 1 |a молекулярная физика 
610 1 |a термодинамика 
610 1 |a проектные работы 
610 1 |a основные формулы 
610 1 |a решения 
610 1 |a задачи 
610 1 |a учебные пособия 
610 1 |a труды учёных ТПУ 
610 1 |a самостоятельные работы 
675 |a 53(075.8)  |v 3 
700 1 |a Поздеева  |b Э. В.  |c физик  |c доцент Томского политехнического университета, кандидат технических наук  |f 1944-  |g Эльвира Вадимовна  |9 12546 
701 1 |a Победенная  |b З. В.  |c физик  |c инженер, ассистент Томского политехнического университета  |f 1984-  |g Зинаида Владимировна  |9 13501 
701 1 |a Ларионов  |b В. В.  |c физик  |c профессор Томского политехнического университета, доктор педагогических наук  |f 1945-  |g Виталий Васильевич  |9 11273 
712 0 2 |a Национальный исследовательский Томский политехнический университет  |c (2009- )  |4 570  |9 26305 
801 1 |a RU  |b 63413507  |c 20150819 
801 2 |a RU  |b 63413507  |c 20200115  |g RCR 
850 |a 63413507 
942 |c BK